Modelo para la generación de empleo : (Registro nro. 11789)

Detalles MARC
000 -LEADER
fixed length control field 01153nam a2200241Ia 4500
003 - CONTROL NUMBER IDENTIFIER
control field OSt
005 - DATE AND TIME OF LATEST TRANSACTION
control field 20210525183637.0
008 - FIXED-LENGTH DATA ELEMENTS--GENERAL INFORMATION
fixed length control field 210310s2008 ck gr 000 0 spa d
020 ## - INTERNATIONAL STANDARD BOOK NUMBER
International Standard Book Number 9789588235950
040 ## - CATALOGING SOURCE
Original cataloging agency CO-JMCR
Transcribing agency CO-JMCR
041 0# - LANGUAGE CODE
Language code of text/sound track or separate title spa
082 04 - DEWEY DECIMAL CLASSIFICATION NUMBER
Classification number 331.11 /
Item number J371m
Edition number 23
100 1# - MAIN ENTRY--PERSONAL NAME
Personal name Jaramillo Gómez, Jaime,
Relator term autor
9 (RLIN) 26453
245 10 - TITLE STATEMENT
Title Modelo para la generación de empleo :
Remainder of title solución al desempleo en América Latina /
Statement of responsibility, etc. Jaime Jaramillo Gómez
260 ## - PUBLICATION, DISTRIBUTION, ETC.
Place of publication, distribution, etc. Medellín, Colombia :
Name of publisher, distributor, etc. Dike,
Date of publication, distribution, etc. 2008.
300 ## - PHYSICAL DESCRIPTION
Extent 63 páginas ;
Dimensions 21cm.
490 0# - SERIES STATEMENT
Series statement Biblioteca Jurídica
505 0# - FORMATTED CONTENTS NOTE
Formatted contents note Desempleado. -- Protección al medio ambiente. -- Jóvenes de 18 a 23 años. -- Centro internacional de Maquila. -- Cambio en el calendario. -- Juzgados móviles. -- Emprendedores. -- Registraduría Nacional.
520 0# - SUMMARY, ETC.
Summary, etc. El desarrollo de nuestras economías en América Latina ha sido una preocupación constante de todos los organismos internacionales, gobiernos, editoriales, redactores y colunistas.
650 14 - SUBJECT ADDED ENTRY--TOPICAL TERM
Topical term or geographic name entry element Modelo para la generación de empleo
9 (RLIN) 37891
650 24 - SUBJECT ADDED ENTRY--TOPICAL TERM
Topical term or geographic name entry element Generación de empleo
Geographic subdivision Latino América
9 (RLIN) 37892
942 ## - ADDED ENTRY ELEMENTS (KOHA)
Source of classification or shelving scheme Dewey Decimal Classification
Koha item type Books
Existencias
Withdrawn status Lost status Source of classification or shelving scheme Damaged status Not for loan Home library Current library Shelving location Date acquired Source of acquisition Full call number Barcode Date last seen Copy number Price effective from Koha item type
    Dewey Decimal Classification     Biblioteca Pública José María del Castillo y Rada Biblioteca Pública José María del Castillo y Rada General Stacks 04/15/2018 Donación 331.11 / J371m 430002751 05/16/2024 Ej.1 03/10/2021 Books